000 01353cam a2200361ua 4500
001 4509408
003 ARRUPE
005 20150324135742.0
007 he|amc048baca
007 he|bmc048baaa
008 920715r19901915ilu b 000 0 eng d
020 _a0790573326
035 _a(OCoLC)22991166
035 _a(OCoLC)ocm22991166
035 _a(NNC)4509408
040 _aATLA
_cATLA
041 1 _aeng
_hita
050 4 _aB2948
_b.C75
090 _b84-B1 ATLA fiche 1989-0557
100 1 _aCroce, Benedetto,
_d1866-1952.
_914745
245 1 0 _aWhat is living and what is dead of the philosophy of Hegel
_cby Benedetto Croce ;
260 _aLondon :
_bForgotten Books,
_c2012.
300 _axviii, 217 p. ;
_c23 cm.
500 _aTranslation of: Ciò che è vivo e ciò che è morto della filosofia di Hegel.
500 _aSpine title: The philosophy of Hegel.
500 _aPublished originally in 1915
533 _aMicrofiche.
_bEvanston :
_cAmerican Theological Library Association,
_d1990.
_e1 microfiche. High reduction. Silver based film.
_f(ATLA monograph preservation program ; ATLA fiche 1989-0557)
600 1 0 _aHegel, Georg Wilhelm Friedrich,
_d1770-1831.
_914746
740 0 _aPhilosophy of Hegel.
830 0 _aATLA monograph preservation program ;
_vATLA fiche 1989-0557.
_914747
942 _2lcc
_cMONOGRAPH
999 _c121924
_d121924